Visual communication : (Record no. 10613)

MARC details
000 -LEADER
fixed length control field 00926pam a2200253 a 4500
001 - CONTROL NUMBER
control field 4432892
003 - CONTROL NUMBER IDENTIFIER
control field OSt
005 - DATE AND TIME OF LATEST TRANSACTION
control field 20211008084543.0
008 - FIXED-LENGTH DATA ELEMENTS--GENERAL INFORMATION
fixed length control field 940509s1995 caua b 001 0 eng
010 ## - LIBRARY OF CONGRESS CONTROL NUMBER
LC control number 94019173
020 ## - INTERNATIONAL STANDARD BOOK NUMBER
International Standard Book Number 053419530X (alk. paper)
040 ## - CATALOGING SOURCE
Original cataloging agency DLC
Transcribing agency HU
Modifying agency DLC
050 00 - LIBRARY OF CONGRESS CALL NUMBER
Classification number P93.5
Item number .L47 1995
082 00 - DEWEY DECIMAL CLASSIFICATION NUMBER
Classification number 302.23
Edition number 20
100 1# - MAIN ENTRY--PERSONAL NAME
Personal name Lester, Paul Martin.
9 (RLIN) 11468
245 10 - TITLE STATEMENT
Title Visual communication :
Remainder of title images with messages /
Statement of responsibility, etc. Paul Martin Lester.
260 ## - PUBLICATION, DISTRIBUTION, ETC.
Place of publication, distribution, etc. Belmont, Calif. :
Name of publisher, distributor, etc. Wadsworth Pub. Co.,
Date of publication, distribution, etc. c1995.
300 ## - PHYSICAL DESCRIPTION
Extent xiv, 450 p. :
Other physical details ill. (some col.) ;
Dimensions 28 cm.
504 ## - BIBLIOGRAPHY, ETC. NOTE
Bibliography, etc. note Includes bibliographical references (p. 427-433) and index.
650 #0 - SUBJECT ADDED ENTRY--TOPICAL TERM
Topical term or geographic name entry element Visual communication.
9 (RLIN) 11218
906 ## - LOCAL DATA ELEMENT F, LDF (RLIN)
a 7
b cbc
c orignew
d 1
e ocip
f 19
g y-gencatlg
942 ## - ADDED ENTRY ELEMENTS (KOHA)
Source of classification or shelving scheme Dewey Decimal Classification
Koha item type Books like text book referance book
Suppress in OPAC No
Holdings
Withdrawn status Lost status Source of classification or shelving scheme Damaged status Not for loan Home library Current library Shelving location Date acquired Total Checkouts Full call number Barcode Date last seen Copy number Price effective from Koha item type
    Dewey Decimal Classification     Social Library Social Library General Stacks 10/08/2021   302.23/LES SHLIB 00001821 10/08/2021 1 10/08/2021 Books like text book referance book
    Dewey Decimal Classification     Social Library Social Library General Stacks 10/08/2021   302.23LES SHLIB 00001822 10/08/2021 2 10/08/2021 Books like text book referance book